Synthetic and reclaim rubber dispersions as adhesives (Record no. 70164)

MARC details
000 -LEADER
fixed length control field 00432nam a2200169Ia 4500
100 ## - MAIN ENTRY--AUTHOR NAME
Personal name Puddefoot L E
245 #0 - TITLE STATEMENT
Title Synthetic and reclaim rubber dispersions as adhesives
260 ## - PUBLICATION, DISTRIBUTION, ETC. (IMPRINT)
Name of publisher IRI Transactions
Year of publication 1946
300 ## - PHYSICAL DESCRIPTION
Number of Pages 167-169
650 ## - SUBJECT ADDED ENTRY--TOPICAL TERM
Topical Term Adhesives
650 ## - SUBJECT ADDED ENTRY--TOPICAL TERM
Topical Term Reclaim rubber
650 ## - SUBJECT ADDED ENTRY--TOPICAL TERM
Topical Term Synthetic rubber
700 ## - ADDED ENTRY--PERSONAL NAME
Personal name George K J
700 ## - ADDED ENTRY--PERSONAL NAME
Personal name Hall A M
942 ## - ADDED ENTRY ELEMENTS (KOHA)
Koha item type Journals
Holdings
Withdrawn status Lost status Damaged status Not for loan Home library Current library Shelving location Date acquired Serial Enumeration / chronology Koha item type
      Journals RRII Library RRII Library Rubber chemistry 17/12/2021 Volume 22, Issue 3 Journals